000
00310nam a2200121Ia 4500
008
151001s9999||||xx |||||||||||||| ||und||
100
_a
राणू
245
_a
हरसिंगार
250
_a
1
260
_b
हिंद पॉकेट बुक्स
300
_a
187
365
_b
16
999
_c
963646
_d
963643